| 000 | 00399cam a2200157ua 4500 | ||
|---|---|---|---|
| 020 | _a0 8311 1155 0 | ||
| 082 |
_a621.80212 _bOBE/MA |
||
| 100 |
_aOberg, Erik . _9412 |
||
| 245 | _aMachinery`s handbook / | ||
| 250 | _a26 / 29 | ||
| 260 |
_aNew York : _bIndustrial Press , _c2012 |
||
| 300 | _a2788 | ||
| 700 | 1 |
_aHorton, Holbrook L . _9413 |
|
| 700 | 1 |
_aJones, Franklin D . _9414 |
|
| 942 | _cREF | ||
| 999 |
_c7115 _d7115 |
||